1153 1917 1714 1565 1554 1073 1915 1599 1642 1719 1638 1712 1363 1606 1072 1961 1706 1208 1970 1240 1335 1681 1597 1462 1930 1949 1253 1246 1312 1122 1037 1610 1960 1162 1592 1453 1716 1176 1413 1551 1820 1911 1159 1689 1009 1857 1894 1790 1285 1783 1355 1804 1369 1383 1620 1124 1433 1512 1193 1064 1012 1249 1387 1759 1992 1549 1777 1417 1334 1927 1734 1393 1087 1759 1106 1482 1745 1023 1771 1805 1324 1107 1707 1245 1324 1995 1224 1224 1292 1591 1808 1517 1806 1684 1323 1337 1843 1748 1970 BCNSPRNW ULIB Ver.6.0+V

เปลี่ยนเป็นภาษาไทย

Change to English
 แสดงรายละเอียดบรรณานุกรม
  กลับหน้าหลัก

Brief Record : Get Marc (ISO 2709) : E-mail record : QR code < ปิดหน้าต่าง
LEADER : 00000nam 2200000uu 4500
001    13399112895
003     ULIB
008    110916s2553||||th 000 0 tha d
020    9786165000284
090    นว.^bล258พ 2553
100 0  ลัลล์ลลิล
245 00 เพลิงพิรุณ/^cลัลล์ลลิล
250    พิมพ์ครั้งที่ 1
260    กรุงเทพฯ :^bพิมพ์คำ,^c2553
300    447 หน้า
945    ^p260^l0^i16988
995    กัณชพร
999    ^aใช้งานได้ทุกระบบ
รายการนี้ยังไม่มีแท็ก
คุณยังไม่ได้ล็อกอิน คุณสามารถมีกิจกรรมร่วมกับเว็บไซต์ได้ แต่ต้องล็อกอินก่อน ::
  ล็อกอิน

รายการสื่อสารสนเทศ

ลำดับที่ ประเภท เลขเรียก/บาร์โค้ด สถานที่ สถานะ
1. วิทยาศาสตร์การแพทย์ และสุขภาพ
วิทยาศาสตร์การแพทย์ และสุขภาพ
นว. ล258พ 2553  
  Barcode: 16988
ห้องสมุดวิทยาเขตสวรรค์ประชารักษ์
►นวนิยาย
บนชั้น
  ขอยืม

รายการใกล้เคียง
    ผู้แต่ง [ลัลล์ลลิล]

BibComment


ยังไม่เคยถูกคอมเมนท์

คอมเมนท์ทรัพยากรรายการนี้
  คอมเมนท์: เพลิงพิรุณ ลัลล์ล..


 Copyright 2026. Bcnsprnw @Library